8 mots dans mots : pec (mort subite) - Statistiques

Statistiques générales
  • Ce quiz a été pris 49 fois
  • Le résultat moyen est 7 sur 8
Answers on the Grid
Answers color-coded by a green-red scale on the quiz's grid according to % correct below.
pros---ter
fen---
télés---tatrice
i---hangeable
s---taculaire
i---lairci
irres---tueusement
recon---ter
circons---tion
saint - ---taire
rétros---tivement
gy---ologique
pers---tivement
i---outable
a---dotique
s---tacularisation
 
Statistiques - réponses
Réponse % Correct
pros---ter
95%
s---taculaire
93%
télés---tatrice
93%
irres---tueusement
90%
pers---tivement
88%
rétros---tivement
88%
s---tacularisation
86%
circons---tion
81%
Aucun quiz correspondant
Distribution des résultats
% des personnes avec chaque résultat
Percentile par nombre de réponses
Votre historique - résultats
Vous n’avez pas pris ce quiz